000 00745nam a2200217Ia 4500
001 21441
003 GE_BSU
008 181216s||||||||xx |||||||||||||| ||und||
040 _cGE_BSU
080 _aპერიოდიკა
245 _aМировая экономика и международные отношения Том 61, №9. Сентябрь 2017
245 _cГл.ред.А.В Рябов.
260 _aМосква
260 _bНаука
260 _c2017
300 _a127 стр. 29см.
653 _aМировая экономика и международные отношения Том 61, №9. Сентябрь 2017
653 _aПериодика
653 _aპერიოდიკა
942 _cCR
999 _c54385
_d54385